Administration of justice in Mizoram (Record no. 70213)
[ view plain ]
| 000 -LEADER | |
|---|---|
| fixed length control field | 00459nam a2200145 4500 |
| 020 ## - INTERNATIONAL STANDARD BOOK NUMBER | |
| International Standard Book Number | 8183240593 |
| 082 ## - DEWEY DECIMAL CLASSIFICATION NUMBER | |
| Classification number | 347.54166013 |
| Item number | PRA |
| 100 ## - MAIN ENTRY--PERSONAL NAME | |
| Personal name | Prasad, R. N. |
| 245 ## - TITLE STATEMENT | |
| Title | Administration of justice in Mizoram |
| Statement of responsibility, etc. | by R.N. Prasad, and P. Chakraborty |
| 260 ## - PUBLICATION, DISTRIBUTION, ETC. | |
| Place of publication, distribution, etc. | New Delhi |
| Name of publisher, distributor, etc. | Mittal Publications |
| Date of publication, distribution, etc. | c2006 |
| 300 ## - PHYSICAL DESCRIPTION | |
| Extent | x,145p.; 18cm. |
| 650 ## - SUBJECT ADDED ENTRY--TOPICAL TERM | |
| Topical term or geographic name entry element | Judicial administration--Mizoram(India) |
| 650 ## - SUBJECT ADDED ENTRY--TOPICAL TERM | |
| Topical term or geographic name entry element | Court management--Mizoram(India) |
| 710 ## - ADDED ENTRY--CORPORATE NAME | |
| Corporate name or jurisdiction name as entry element | Chakraborty, P. |
| Withdrawn status | Lost status | Damaged status | Not for loan | Collection code | Home library | Current library | Date acquired | Total Checkouts | Full call number | Barcode | Date last seen | Date last checked out | Price effective from | Koha item type |
|---|---|---|---|---|---|---|---|---|---|---|---|---|---|---|
| North Eastern Hill University | North Eastern Hill University | 25/11/2011 | 1 | 347.54166013 PRA | 192137 | 26/10/2017 | 26/10/2017 | 25/11/2011 | Books |
